Medzinárodné ohodnocovacie štandardy v kontexte prepájania svetového hospodárstva

História a hlavné motívy vzniku medzinárodných štandardov. Rada pre medzinárodné ohodnocovacie štandardy (IVSC). Hlavné oblasti činnosti IVSC. Subjekty IVSC a členstvo v IVSC. Medzinárodné ohodnocovacie štandardy.

Na minha lista:
Detalhes bibliográficos
Autor principal: Littvová, Veronika
Formato: Capítulo de Livro
Idioma:eslovaco
Assuntos:
Tags: Adicionar Tag
Sem tags, seja o primeiro a adicionar uma tag!

MARC

LEADER 00000nla$a2200000$$$4500
001 0107513
005 20240502083252.6
041 0 |a slo 
044 |a CZ 
245 1 0 |a Medzinárodné ohodnocovacie štandardy v kontexte prepájania svetového hospodárstva  |c Veronika Littvová 
520 |a História a hlavné motívy vzniku medzinárodných štandardov. Rada pre medzinárodné ohodnocovacie štandardy (IVSC). Hlavné oblasti činnosti IVSC. Subjekty IVSC a členstvo v IVSC. Medzinárodné ohodnocovacie štandardy. 
610 2 0 |a oceňovanie 
610 2 0 |a štandardy ohodnocovacie medzinárodné 
610 2 0 |a majetok 
610 2 0 |a organizácie medzinárodné 
610 2 0 |a normy 
100 1 |a Littvová, Veronika